Politics in the developing world / (Record no. 19860)
[ view plain ]
| 000 -LEADER | |
|---|---|
| fixed length control field | 01128cam a22002895a 4500 |
| 001 - CONTROL NUMBER | |
| control field | 17868173 |
| 005 - DATE AND TIME OF LATEST TRANSACTION | |
| control field | 20151019151902.0 |
| 008 - FIXED-LENGTH DATA ELEMENTS--GENERAL INFORMATION | |
| fixed length control field | 130828t2014 enka frbd 001 0 eng d |
| 020 ## - INTERNATIONAL STANDARD BOOK NUMBER | |
| International Standard Book Number | 0199666008 |
| 020 ## - INTERNATIONAL STANDARD BOOK NUMBER | |
| International Standard Book Number | 9780199666003 (pbk.) |
| 040 ## - CATALOGING SOURCE | |
| Original cataloging agency | DLC |
| Language of cataloging | eng |
| Transcribing agency | DLC |
| Modifying agency | EG-ScBUE |
| 082 04 - DEWEY DECIMAL CLASSIFICATION NUMBER | |
| Classification number | 320.91724 |
| Edition number | 22 |
| Item number | POL |
| 245 00 - TITLE STATEMENT | |
| Title | Politics in the developing world / |
| Statement of responsibility, etc | edited by Peter Burnell, Lise Rakner, Vicky Randall. |
| 250 ## - EDITION STATEMENT | |
| Edition statement | 4th ed. |
| 260 ## - PUBLICATION, DISTRIBUTION, ETC. (IMPRINT) | |
| Place of publication, distribution, etc | Oxford : |
| Name of publisher, distributor, etc | Oxford University Press, |
| Date of publication, distribution, etc | c.2014. |
| 300 ## - PHYSICAL DESCRIPTION | |
| Extent | xxxi, 452 p. : |
| Other physical details | ill. ; |
| Dimensions | 25 cm. |
| 500 ## - GENERAL NOTE | |
| General note | Online resource centre accompanies this book provides you with ready to use learning materials on this link: http://www.oxfordtextbooks.co.uk/orc/burnell4e/ |
| 500 ## - GENERAL NOTE | |
| General note | Glossary : p. 412-420. |
| 500 ## - GENERAL NOTE | |
| General note | Index : p. 441-452. |
| 504 ## - BIBLIOGRAPHY, ETC. NOTE | |
| Bibliography, etc | Bibliography : p. 421-440. |
| 651 #7 - SUBJECT ADDED ENTRY--GEOGRAPHIC NAME | |
| Geographic name | Developing countries |
| General subdivision | Politics and government. |
| Source of heading or term | BUEsh |
| 9 (RLIN) | 22205 |
| 653 ## - INDEX TERM--UNCONTROLLED | |
| Resource For college | BAEPS, Political Science |
| Arrived date list | June2015 |
| -- | October2015 |
| 700 1# - ADDED ENTRY--PERSONAL NAME | |
| Personal name | Burnell, Peter J., |
| Relator term | editor. |
| 9 (RLIN) | 23682 |
| 700 1# - ADDED ENTRY--PERSONAL NAME | |
| Personal name | Randall, Vicky, |
| Relator term | editor. |
| 9 (RLIN) | 23683 |
| 700 1# - ADDED ENTRY--PERSONAL NAME | |
| Personal name | Rakner, Lise, |
| Relator term | editor. |
| 9 (RLIN) | 33188 |
| 942 ## - ADDED ENTRY ELEMENTS (KOHA) | |
| Source of classification or shelving scheme | Dewey Decimal Classification |
| Call number prefix | 320.91724 POL |
| Withdrawn status | Lost status | Source of classification or shelving scheme | Damaged status | Not for loan | Koha collection | Home library | Current library | Shelving location | Date acquired | Source of acquisition | Cost, normal purchase price | Serial Enumeration / chronology | Total Checkouts | Total Renewals | Full call number | Barcode | Date last seen | Date last borrowed | Cost, replacement price | Koha item type |
|---|---|---|---|---|---|---|---|---|---|---|---|---|---|---|---|---|---|---|---|---|
| Dewey Decimal Classification | Alahram | Central Library | Central Library | First floor | 24/06/2015 | Purchase | 385.00 | 320 | 1 | 14 | 320.91724 POL | 000038684 | 15/07/2025 | 08/02/2016 | 481.25 | Book - Borrowing |